The wind in the willows
| Main Author: | |
|---|---|
| Format: | Book |
| Published: |
Kuala Lumpur :
DBP ,
1991
|
| Series: | Dewan Bahasa dan Pustaka classic
|
| Subjects: |
MARC
| LEADER | 00000cam a2200000 7i4500 | ||
|---|---|---|---|
| 001 | 0000007419 | ||
| 002 | 000007977 | ||
| 005 | 20000330.0 | ||
| 020 | |a 9836214135 | ||
| 090 | 0 | 0 | |a JF |b GRA |
| 100 | 0 | |a Graheme, Kenneth | |
| 245 | 1 | 4 | |a The wind in the willows |c Kenneth Graheme |
| 260 | |a Kuala Lumpur : |b DBP , |c 1991 | ||
| 300 | |a 60p. : |b ill ; |c 21cm. | ||
| 490 | 0 | |a Dewan Bahasa dan Pustaka classic | |
| 650 | 0 | 0 | |a Children's stories |
| 999 | |a 051476 |b BUKU |c PINJAMAN |e PERPUSTAKAAN KOMUNITI PETALING JAYA | ||
| 999 | |a 051477 |b BUKU |c PINJAMAN |e PERPUSTAKAAN KOMUNITI PETALING JAYA | ||